[Event "It (Open) Schwarzach AUT"]
[Site "?"]
[Date "2005.08.??"]
[Round "8"]
[White "Ardeleanu Alin"]
[Black "Zelcic Robert"]
[Result "1/2-1/2"]
[WhiteElo "2443"]
[BlackElo "2533"]
[PlyCount "149"]
[EventDate "2005.??.??"]
[Source "www.chesslib.no"]
[SourceDate "2004.05.04"]

1. e4 c6 2. Nc3 d5 3. Qf3 dxe4 4. Nxe4 Nd7 5. d4 Ngf6 6. c3 Nxe4 7. Qxe4 Nf6 8. Qc2 Bg4 9. Ne2 Bh5 10. Nf4 Bg6 11. Nxg6 hxg6 12. Bf4 e6 13. Qb3 Bd6 14. Bxd6 Qxd6 15. g3 O-O-O 16. Bg2 Rh5 17. h3 Rf5 18. Rf1 Re5+ 19. Kd2 Rb5 20. Qc2 e5 21. Rad1 exd4 22. Kc1 d3 23. Qd2 Qe6 24. b3 Re5 25. Rfe1 Ne4 26. Bxe4 Rxe4 27. Rxe4 Qxe4 28. Qe3 Qxe3+ 29. fxe3 Rd5 30. Kd2 Rf5 31. Kxd3 Rf3 32. Rg1 Rf2 33. a4 g5 34. a5 Kd7 35. g4 Ke6 36. b4 Rf3 37. Rh1 Rg3 38. c4 g6 39. Kd4 Rf3 40. b5 cxb5 41. cxb5 Rf2 42. Ra1 Rd2+ 43. Kc3 Rd8 44. a6 b6 45. Kb4 Rc8 46. Rd1 f5 47. Rd4 Rf8 48. Kc4 Rh8 49. Kd3 Rxh3 50. Rc4 f4 51. Rc7 Rxe3+ 52. Kd2 Kd6 53. Rxa7 Kc5 54. Rg7 Kxb5 55. a7 Ra3 56. Rxg6 Rxa7 57. Rxg5+ Kc4 58. Rf5 Ra2+ 59. Ke1 Kd3 60. Rb5 Re2+ 61. Kf1 Re6 62. Kf2 Kc4 63. Rf5 b5 64. Rxf4+ Kc3 65. Rf3+ Kc2 66. Rf4 Rb6 67. Ke3 b4 68. Kd4 b3 69. Rf2+ Kb1 70. Ke5 Rb8 71. Rh2 b2 72. g5 Kc1 73. Rxb2 Kxb2 74. g6 Kc3 75. g7 1/2-1/2

[Event "Alushta"]
[Site "Alushta"]
[Date "1999.03.06"]
[Round "4"]
[White "Svetushkin, Dmitry"]
[Black "Zubov, Alexander"]
[Result "0-1"]
[WhiteElo "2471"]
[BlackElo "2502"]
[PlyCount "104"]
[EventDate "1999.03.03"]
[Source "ChessBase"]
[SourceDate "1999.06.08"]

1. e4 c6 2. Nc3 d5 3. Nf3 dxe4 4. Nxe4 Nf6 5. Ng3 c5 6. Bc4 Nc6 7. d3 e6 8. c3 Be7 9. O-O O-O 10. Ne4 b6 11. Bf4 Nd5 12. Bg5 Bb7 13. Bxe7 Qxe7 14. Bxd5 exd5 15. Ng3 d4 16. c4 f5 17. Qd2 f4 18. Rae1 Qd7 19. Ne4 h6 20. a3 a5 21. Qd1 Rae8 22. Ned2 g5 23. h3 Kg7 24. Rxe8 Rxe8 25. Re1 Kg6 26. Rxe8 Qxe8 27. Ne4 Qd8 28. Qb3 Qc7 29. Qb5 Kf7 30. Qa4 Ke7 31. Qb3 Bc8 32. Qd1 Bf5 33. Qe2 Kd8 34. Kf1 Qe7 35. Nfd2 Kc7 36. Qh5 Qe6 37. f3 Ne5 38. Ke2 a4 39. Nf1 Kc6 40. Nh2 b5 41. cxb5+ Kxb5 42. Ng4 Nxg4 43. hxg4 Bxe4 44. fxe4 c4 45. dxc4+ Kxc4 46. Kd2 d3 47. e5 Kd4 48. Qh1 Qxe5 49. Qf1 Qe3+ 50. Kd1 Kc4 51. Qf3 Kb3 52. Qd5+ Kxb2 0-1

[Event "Lalin Open"]
[Site "Lalin"]
[Date "1994.??.??"]
[Round "6"]
[White "Mitkov, Nikola"]
[Black "Lima, Darcy"]
[Result "1-0"]
[WhiteElo "2470"]
[BlackElo "2500"]
[PlyCount "119"]
[EventDate "1994.??.??"]
[Source "www.chesslib.no"]
[SourceDate "2004.05.04"]

1. e4 c6 2. Nc3 d5 3. Qf3 Nf6 4. e5 Nfd7 5. d4 e6 6. Nh3 Be7 7. Qg3 g6 8. Bd3 c5 9. Ng5 Qb6 10. dxc5 Nxc5 11. Qf4 Bxg5 12. Qxg5 Nxd3+ 13. cxd3 Nd7 14. O-O O-O 15. Qh4 f6 16. Bh6 Rf7 17. d4 fxe5 18. dxe5 Nf8 19. Nd1 d4 20. f3 Bd7 21. Nf2 Bb5 22. Rfd1 Nd7 23. Qxd4 Qxd4 24. Rxd4 Nxe5 25. Ne4 Bc6 26. Rad1 Bd5 27. Nc3 Nc6 28. R4d2 Ne7 29. Bg5 Bc6 30. Rd6 Nf5 31. Rxe6 Rd7 32. Rxd7 Bxd7 33. Re2 h6 34. Bf6 Kf7 35. Ne4 Bc6 36. Bc3 Rd8 37. Kf2 g5 38. Rd2 Rxd2+ 39. Nxd2 Bd5 40. a3 Ke6 41. g4 Ne7 42. Bg7 Ng8 43. Kg3 Kf7 44. Bd4 a6 45. h4 gxh4+ 46. Kxh4 Kg6 47. f4 Ne7 48. Nf1 Bf3 49. Ne3 b5 50. f5+ Kf7 51. Kg3 Bb7 52. Be5 Nd5 53. Nc2 Nb6 54. Bc3 Be4 55. Nd4 Bd3 56. Nc6 Nd7 57. Nb4 Bb1 58. Nxa6 h5 59. gxh5 Bxf5 60. Kf4 1-0

[Event "Berliner Sommer"]
[Site "Berlin"]
[Date "1997.??.??"]
[Round "4"]
[White "Ardeleanu, Alin"]
[Black "Timoshenko, Georgy"]
[Result "1/2-1/2"]
[WhiteElo "2400"]
[BlackElo "2570"]
[PlyCount "65"]
[EventDate "1997.08.??"]
[Source "ChessBase"]
[SourceDate "1997.09.26"]

1. e4 c6 2. Nc3 d5 3. Qf3 dxe4 4. Nxe4 Nd7 5. d4 Ndf6 6. c3 Nxe4 7. Qxe4 Nf6 8. Qc2 Bg4 9. Ne2 g6 10. Ng3 Bg7 11. Bc4 O-O 12. h3 Bd7 13. O-O Qc7 14. Bg5 b5 15. Be2 e5 16. Rfd1 Be6 17. dxe5 Qxe5 18. Qd2 Bd5 19. Bh6 Rad8 20. Bxg7 Kxg7 21. Qd4 Qxd4 22. Rxd4 Be6 23. Rxd8 Rxd8 24. a4 a6 25. axb5 axb5 26. Ra6 Rd2 27. Rxc6 Rxb2 28. Rc5 Bd7 29. Bf3 Be6 30. Be2 Bd7 31. Bf3 b4 32. cxb4 Rxb4 33. Rc1 1/2-1/2

[Event "YUG-Cup"]
[Site "?"]
[Date "2000.??.??"]
[Round "7"]
[White "Ivanovic Bozidar"]
[Black "Ivanisevic Ivan"]
[Result "1/2-1/2"]
[WhiteElo "2502"]
[BlackElo "2460"]
[PlyCount "110"]
[EventDate "2000.??.??"]
[Source "www.chesslib.no"]
[SourceDate "2004.05.04"]

1. e4 c6 2. Nc3 d5 3. Nf3 g6 4. exd5 cxd5 5. Bb5+ Nc6 6. Ne5 Bd7 7. Bxc6 Bxc6 8. O-O Bg7 9. Qe2 Nh6 10. Nd1 Rc8 11. d4 Nf5 12. c3 O-O 13. Ne3 Nd6 14. Re1 Bb5 15. Qf3 e6 16. Qh3 Qe8 17. Nf3 Ne4 18. Nd2 Ng5 19. Qg3 Qd8 20. h4 Ne4 21. Nxe4 dxe4 22. h5 f5 23. hxg6 Qf6 24. gxh7+ Kh8 25. Qf4 Bh6 26. Qe5 Qxe5 27. dxe5 Bg7 28. g3 Bxe5 29. Ng2 Kxh7 30. Bf4 Bf6 31. Rad1 Rfd8 32. Be3 Bd3 33. Bxa7 Ra8 34. Bb6 Rd6 35. Bc5 Rc6 36. Bb4 e5 37. a3 Rg8 38. Kh2 f4 39. Rh1 Kg6 40. Kg1 Kf5 41. c4 Rxc4 42. Bc3 Be7 43. Rh5+ Rg5 44. Rxg5+ Bxg5 45. gxf4 exf4 46. Ne1 Be2 47. Rd2 f3 48. Rd5+ Kg4 49. Nc2 Rc6 50. Bd2 Bxd2 51. Rxd2 Kf4 52. Ne3 Rc1+ 53. Kh2 Bd3 54. Rd1 Rc5 55. a4 Rh5+ 1/2-1/2

[Event "NED-ch41"]
[Site "Hilversum NED"]
[Date "1986.??.??"]
[Round "9"]
[White "Van der Wiel, John T H"]
[Black "Boersma, Paulus A"]
[Result "1/2-1/2"]
[WhiteElo "2555"]
[BlackElo "2405"]
[PlyCount "178"]
[EventDate "1986.06.??"]
[Source "www.chesslib.no"]
[SourceDate "2004.05.04"]

1. e4 c6 2. Nc3 d5 3. Nf3 dxe4 4. Nxe4 Nf6 5. Qe2 Nxe4 6. Qxe4 Nd7 7. Bc4 Nf6 8. Ne5 e6 9. Qe2 Be7 10. O-O O-O 11. a4 c5 12. Ra3 Nd7 13. Rh3 Nxe5 14. Qxe5 g6 15. Rd3 Qb6 16. b3 Rd8 17. Rxd8+ Bxd8 18. Ba3 Be7 19. d4 Qd6 20. Qxd6 Bxd6 21. Bxc5 Bxc5 22. dxc5 Kf8 23. Rd1 Ke7 24. f4 Bd7 25. Bb5 Be8 26. Bxe8 Rxe8 27. a5 Rc8 28. b4 Rc6 29. c3 h6 30. g3 g5 31. Kf2 g4 32. Ke2 h5 33. Kd3 a6 34. Ke4 h4 35. gxh4 Rc8 36. h3 f5+ 37. Ke3 Rg8 38. Rh1 Kf6 39. h5 g3 40. Rg1 e5 41. h6 Rg6 42. fxe5+ Kxe5 43. Kf3 Rxh6 44. Re1+ Kd5 45. Kxg3 f4+ 46. Kxf4 Rxh3 47. Re7 Kc6 48. Re6+ Kc7 49. Re3 Rh1 50. Ke4 Rd1 51. Rd3 Rc1 52. Kd5 Rc2 53. Kc4 Rb2 54. Rd6 Rh2 55. Kb3 Rh3 56. Kc2 Rh2+ 57. Rd2 Rh4 58. Rd3 Rh2+ 59. Kb3 Rh1 60. Rd2 Rh3 61. Kb2 Rh4 62. Rc2 Kc6 63. Rf2 Rg4 64. Rf3 Rh4 65. Kc2 Rh2+ 66. Kd3 Rh1 67. c4 Rb1 68. Rf6+ Kc7 69. Rb6 Rh1 70. c6 bxc6 71. Rxa6 Kb7 72. Rb6+ Kc7 73. b5 cxb5 74. cxb5 Rh3+ 75. Ke4 Rh5 76. Kf3 Rf5+ 77. Kg4 Re5 78. Rc6+ Kd7 79. Rb6 Kc7 80. Kf4 Rd5 81. Ke3 Rh5 82. Ke4 Rh4+ 83. Kf5 Rh5+ 84. Kg6 Rc5 85. Kf7 Rh5 86. Rc6+ Kd7 87. a6 Rxb5 88. a7 Ra5 89. Re6 Kc7 1/2-1/2

[Event "YUG Cup"]
[Site "?"]
[Date "1998.??.??"]
[Round "1"]
[White "Markovic Miroslav"]
[Black "Ristic Nebojsa"]
[Result "1-0"]
[WhiteElo "2540"]
[BlackElo "2420"]
[PlyCount "145"]
[EventDate "1998.??.??"]
[Source "www.chesslib.no"]
[SourceDate "2004.05.04"]

1. e4 c6 2. Nc3 d5 3. Nf3 dxe4 4. Nxe4 Nf6 5. Ng3 h5 6. h3 h4 7. Ne2 Qa5 8. Nc3 g5 9. d4 g4 10. Ne5 gxh3 11. gxh3 Bf5 12. Bd3 Bxd3 13. Qxd3 Nbd7 14. Nf3 Nd5 15. Kf1 Nb4 16. Qe2 Qf5 17. Ne4 O-O-O 18. c3 Nd5 19. Bg5 f6 20. Bd2 N7b6 21. Re1 Nc4 22. Bc1 Bh6 23. Bxh6 Rxh6 24. Nc5 e5 25. Qe4 Qxe4 26. Nxe4 Nxb2 27. dxe5 Nd3 28. Rb1 fxe5 29. Rg1 Nf6 30. Nfd2 b6 31. Rg5 Rg8 32. Rf5 Nd7 33. Nf3 Rhg6 34. Rd1 Nf4 35. Rf7 Rd8 36. Nxh4 Rh6 37. Nd6+ Kc7 38. Ndf5 Rh5 39. f3 Nd5 40. c4 Ne3+ 41. Nxe3 Rxh4 42. Kg2 Rd4 43. Rf1 Rg8+ 44. Ng4 Kd6 45. Kf2 Ke6 46. Rh7 Rd2+ 47. Ke3 Rxa2 48. Rd1 Ra3+ 49. Kf2 Ra2+ 50. Ke3 Ra3+ 51. Kf2 Ra2+ 52. Kg3 Nf6 53. Rh6 Ke7 54. c5 bxc5 55. Re1 e4 56. Rxf6 Rxg4+ 57. hxg4 Kxf6 58. Rxe4 a5 59. Rc4 Ke6 60. Rxc5 Kd6 61. Rc1 Rb2 62. g5 Rb5 63. f4 a4 64. Ra1 Ra5 65. Ra3 Ke7 66. Kg4 Ke6 67. Re3+ Kf7 68. f5 a3 69. g6+ Kg8 70. Re8+ Kg7 71. Re7+ Kf8 72. f6 Ra8 73. Rh7 1-0

[Event "ROM-chT"]
[Site "?"]
[Date "1999.04.20"]
[Round "5"]
[White "Ardeleanu Alin"]
[Black "Iordachescu Viorel"]
[Result "1/2-1/2"]
[WhiteElo "2420"]
[BlackElo "2539"]
[PlyCount "24"]
[EventDate "1999.??.??"]
[Source "www.chesslib.no"]
[SourceDate "2004.05.04"]

1. e4 c6 2. Nc3 d5 3. Qf3 dxe4 4. Nxe4 Nd7 5. d4 Ngf6 6. c3 Nxe4 7. Qxe4 Nf6 8. Qc2 g6 9. Nf3 Bg7 10. Bc4 O-O 11. O-O Bf5 12. Qe2 Be4 1/2-1/2

[Event "Brighton"]
[Site "Brighton"]
[Date "1981.??.??"]
[Round "9"]
[White "Westerinen, Heikki MJ"]
[Black "Chandler, Murray G"]
[Result "0-1"]
[WhiteElo "2425"]
[BlackElo "2530"]
[PlyCount "82"]
[EventDate "1981.12.??"]
[Source "ChessBase"]

1. e4 c6 2. Nc3 d5 3. Nf3 dxe4 4. Nxe4 Nf6 5. Nxf6+ gxf6 6. g3 Bf5 7. Bg2 Qd7 8. O-O Na6 9. Re1 O-O-O 10. d3 Bh3 11. Bh1 e5 12. Be3 Kb8 13. a3 h5 14. b4 h4 15. Rb1 hxg3 16. fxg3 Bh6 17. Bf2 Rhe8 18. Re4 Bf5 19. Nh4 Be6 20. Qe1 Nc7 21. b5 Nxb5 22. Ra4 Qc7 23. Nf3 b6 24. Rab4 Bf8 25. a4 Bxb4 26. Qxb4 Nd6 27. c4 Nc8 28. Nd2 Rxd3 29. Be4 Rxd2 30. Qxd2 Bxc4 31. Rc1 Nd6 32. Bg2 f5 33. Qb4 c5 34. Qa3 Ba6 35. a5 Bb7 36. axb6 axb6 37. Bxb7 Qxb7 38. Rb1 Ne4 39. Qa4 Rd8 40. Qa1 f6 41. Be3 f4 0-1

[Event "Euskadi Ch"]
[Site "Euskadi"]
[Date "1995.??.??"]
[Round "7"]
[White "Alvarez Ibarra, Rafael"]
[Black "Izeta Txabarri, Felix"]
[Result "1/2-1/2"]
[WhiteElo "2440"]
[BlackElo "2515"]
[PlyCount "140"]
[EventDate "1995.??.??"]
[Source "www.chesslib.no"]
[SourceDate "2004.05.04"]

1. e4 c6 2. Nc3 d5 3. f4 dxe4 4. Nxe4 Nd7 5. Nf3 Ngf6 6. Nf2 e6 7. g3 b6 8. Bg2 Bb7 9. b3 c5 10. Bb2 Be7 11. Qe2 O-O 12. c4 Ne8 13. Nd3 Nd6 14. O-O Bf6 15. Nde5 Bxe5 16. fxe5 Nf5 17. Rf2 Rc8 18. Nh4 Bxg2 19. Nxf5 Ba8 20. Nd6 Rc6 21. Qg4 Rxd6 22. exd6 e5 23. Re1 Re8 24. Qf5 f6 25. Kf1 h6 26. Re3 Nf8 27. g4 Qxd6 28. g5 hxg5 29. h4 gxh4 30. Qh5 Qc6 31. Qxh4 Ng6 32. Qh5 Qh1+ 33. Qxh1 Bxh1 34. Rd3 Re7 35. Rd6 Nf4 36. d4 cxd4 37. Bxd4 Bg2+ 38. Kg1 Be4 39. Kf1 Bd3+ 40. Ke1 exd4+ 41. Kd2 Re4 42. Rxf4 Rxf4 43. Kxd3 g5 44. b4 g4 45. c5 bxc5 46. bxc5 g3 47. c6 g2 48. c7 Rf3+ 49. Ke2 Rc3 50. Kf2 Rxc7 51. Kxg2 Kf7 52. a4 Ke7 53. Rxd4 Ke6 54. Rb4 Kd5 55. Kf3 Rc3+ 56. Kf2 Rc4 57. Rb5+ Ke4 58. Ra5 Rc7 59. Rb5 Rd7 60. Ke2 f5 61. Ra5 Kf4 62. Ra6 Ke4 63. Re6+ Kd4 64. Rf6 Ke5 65. Ra6 Kf4 66. Kf2 Rg7 67. Rc6 Kg4 68. Rc4+ f4 69. Rc8 Rg5 70. Rc7 a5 1/2-1/2

[Event "Spring Festival GM"]
[Site "Bucharest"]
[Date "2003.03.09"]
[Round "7"]
[White "Lupulescu, Constantin"]
[Black "Nanu, Ciprian"]
[Result "1/2-1/2"]
[WhiteElo "2496"]
[BlackElo "2456"]
[PlyCount "120"]
[EventDate "2003.03.04"]
[Source "Roberto Alvarez"]
[SourceDate "2003.03.17"]

1. e4 c6 2. Nc3 d5 3. Nf3 a6 4. h3 e6 5. d4 Nf6 6. e5 Nfd7 7. Bd3 c5 8. dxc5 Nc6 9. Bf4 Bxc5 10. O-O h6 11. Re1 O-O 12. Qd2 f5 13. exf6 Qxf6 14. Bg3 b5 15. Nd1 Nb6 16. c3 Ra7 17. Ne3 Qd8 18. Ng4 Bd6 19. Bxd6 Qxd6 20. Bc2 Nc4 21. Qd3 e5 22. Qh7+ Kf7 23. b3 Bxg4 24. hxg4 Na3 25. Bd1 e4 26. Nh4 Qf6 27. Qf5 Ne7 28. Qxf6+ Kxf6 29. f3 g5 30. Nf5 Nxf5 31. gxf5 Re7 32. fxe4 dxe4 33. Rc1 Rc8 34. g4 b4 35. c4 Nb5 36. Ra1 Nc3 37. a3 a5 38. axb4 axb4 39. Ra6+ Ke5 40. Rxh6 Rd8 41. Be2 Rd2 42. Bf1 Kf4 43. f6 Rf7 44. c5 Ke5 45. Bc4 Nd5 46. Rg6 Kf4 47. c6 Kg3 48. Rh6 Rf8 49. Bxd5 Rxd5 50. Rc1 Rf7 51. Kf1 Kf3 52. Ke1 Rd8 53. Rh2 Kxg4 54. Rf2 Kh5 55. Rc4 Rc8 56. Ke2 Kg6 57. Ke3 Rxf6 58. Rxf6+ Kxf6 59. Kxe4 Ke6 60. c7 Kd6 1/2-1/2

[Event "Cacak"]
[Site "Cacak"]
[Date "1994.??.??"]
[Round "?"]
[White "Marinkovic, Ivan"]
[Black "Vasiukov, Evgeni A"]
[Result "1/2-1/2"]
[WhiteElo "2445"]
[BlackElo "2505"]
[PlyCount "81"]
[EventDate "1994.??.??"]
[Source "www.chesslib.no"]
[SourceDate "2004.05.04"]

1. e4 c6 2. Nc3 d5 3. Nf3 dxe4 4. Nxe4 Nf6 5. Nxf6+ gxf6 6. g3 Bg4 7. Bg2 Nd7 8. d4 e6 9. O-O Bg7 10. b3 f5 11. Bb2 Qb6 12. a4 a5 13. Qd3 Bxf3 14. Bxf3 O-O 15. Rfd1 Rfd8 16. Qe3 Nf8 17. h4 Rd7 18. Rd3 h6 19. Rad1 Ng6 20. h5 Nf8 21. c4 Rad8 22. Be2 Qa7 23. Qd2 Nh7 24. Bc3 Ng5 25. c5 Ne4 26. Qe1 Nxc3 27. Qxc3 b6 28. Kg2 bxc5 29. Qxc5 Qxc5 30. dxc5 Rxd3 31. Rxd3 Rxd3 32. Bxd3 Kf8 33. f4 Bd4 34. Kf3 Bxc5 35. g4 fxg4+ 36. Kxg4 Ke7 37. Kf3 Kd6 38. Bc4 Bb4 39. f5 Ke5 40. fxe6 fxe6 41. Kg4 1/2-1/2

[Event "Moscow op2"]
[Site "Moscow"]
[Date "1995.??.??"]
[Round "4"]
[White "Totsky, Leonid"]
[Black "Burmakin, Vladimir"]
[Result "0-1"]
[WhiteElo "2450"]
[BlackElo "2500"]
[PlyCount "117"]
[EventDate "1995.11.??"]
[Source "ChessBase"]

1. e4 c6 2. Nc3 d5 3. Qf3 dxe4 4. Nxe4 Nd7 5. d4 Ndf6 6. c3 Bg4 7. Qg3 e6 8. Bd3 Bh5 9. f3 Bg6 10. Ne2 Be7 11. O-O Nd5 12. Nf4 Nh6 13. Qh3 Nxf4 14. Bxf4 Nf5 15. g4 Nxd4 16. Be5 Nf5 17. Nf2 Nh4 18. Bxg7 Rg8 19. Bd4 e5 20. Bxg6 Rxg6 21. Be3 Qd5 22. Ne4 f5 23. g5 fxe4 24. Qxh4 Bxg5 25. Bxg5 Qd8 26. Kh1 Qxg5 27. Qxg5 Rxg5 28. fxe4 Ke7 29. Rf2 Rf8 30. Rxf8 Kxf8 31. Rg1 Rh5 32. Kg2 Rh4 33. Re1 Ke7 34. Re3 h5 35. Re2 Rf4 36. Re3 h4 37. Re2 a5 38. b3 Kd6 39. Re3 Kc5 40. Re2 b5 41. Re1 b4 42. Rc1 Kb5 43. cxb4 axb4 44. Rc4 c5 45. Rc2 Rxe4 46. Kf3 Rf4+ 47. Ke3 h3 48. Rd2 Rg4 49. Kf3 Rg5 50. Rc2 Kb6 51. Re2 Kc6 52. Rc2 Kd5 53. Rd2+ Ke6 54. Rc2 Rf5+ 55. Kg4 e4 56. Rc4 e3 57. Rc1 Rf2 58. Kg3 Kd5 59. Rd1+ 0-1

[Event "St Petersburg Seniors"]
[Site "St Petersburg RUS"]
[Date "1995.??.??"]
[Round "?"]
[White "Zaitsev, Igor A"]
[Black "Vasiukov, Evgeni A"]
[Result "1-0"]
[WhiteElo "2455"]
[BlackElo "2490"]
[PlyCount "144"]
[EventDate "1995.??.??"]
[Source "www.chesslib.no"]
[SourceDate "2004.05.04"]

1. e4 c6 2. Nc3 d5 3. Nf3 dxe4 4. Nxe4 Bf5 5. Ng3 Bg4 6. Be2 Nf6 7. d4 e6 8. O-O Be7 9. Ne5 Bxe2 10. Qxe2 Qxd4 11. Rd1 Qb6 12. Nh5 O-O 13. Bg5 Qc7 14. Bxf6 Bxf6 15. Nxf6+ gxf6 16. Ng4 Qf4 17. Qe4 Qxe4 18. Nxf6+ Kg7 19. Nxe4 Na6 20. Rd7 b6 21. Rad1 Nb4 22. c3 Nd5 23. c4 Nf6 24. Nxf6 Kxf6 25. R1d3 c5 26. Kf1 h6 27. Ke2 a6 28. Kd2 b5 29. Kc3 bxc4 30. Kxc4 Rab8 31. b3 a5 32. a3 a4 33. Rf3+ Ke5 34. bxa4 Ra8 35. Re3+ Kf6 36. Rf3+ Ke5 37. Rfxf7 Rxa4+ 38. Kxc5 Rc8+ 39. Rc7 Rxc7+ 40. Rxc7 Rxa3 41. Kc4 Kf6 42. Kd4 Ra2 43. Ke3 Ra3+ 44. Kd2 Ra4 45. Rc3 Rh4 46. h3 Ra4 47. Ke3 Rb4 48. Kf3 Ra4 49. g3 Rb4 50. Re3 Ra4 51. Re4 Ra2 52. g4 Ra3+ 53. Re3 Ra5 54. Kf4 Rb5 55. h4 Rb4+ 56. Re4 e5+ 57. Kf3 Rb3+ 58. Re3 Rb4 59. Re4 Rb3+ 60. Kg2 Ra3 61. h5 Ra6 62. Kg3 Ra3+ 63. f3 Rb3 64. Ra4 Kg7 65. Ra7+ Kf8 66. Kf2 Rb6 67. Ke3 Re6 68. Ke4 Rf6 69. Ra3 Rf4+ 70. Kxe5 Rb4 71. Ra8+ Kg7 72. Ra7+ Kg8 1-0

[Event "ROM-ch"]
[Site "Bucharest"]
[Date "1998.12.15"]
[Round "8"]
[White "Nevednichy, Vladislav"]
[Black "Szuhanek, Ranko"]
[Result "1/2-1/2"]
[WhiteElo "2545"]
[BlackElo "2400"]
[PlyCount "110"]
[EventDate "1998.12.08"]
[Source "ChessBase"]
[SourceDate "1999.04.01"]

1. e4 c6 2. Nc3 d5 3. Nf3 dxe4 4. Nxe4 Nd7 5. Bc4 Ngf6 6. Neg5 e6 7. Qe2 Nd5 8. d4 Be7 9. O-O h6 10. Ne4 Qc7 11. Bb3 b5 12. a4 b4 13. Re1 a5 14. c4 bxc3 15. bxc3 O-O 16. Ba2 Bb7 17. Bb1 Rfc8 18. Qd3 N7f6 19. Ne5 c5 20. Nxf6+ Nxf6 21. Ng4 Qc6 22. Nxf6+ Bxf6 23. Qh7+ Kf8 24. Be4 Qa6 25. Ba3 Bxe4 26. Rxe4 Ke7 27. Bxc5+ Kd7 28. Rf4 Qc4 29. Rxf6 gxf6 30. Qxf7+ Kc6 31. Qxf6 Rab8 32. Re1 Qe2 33. Qxe6+ Qxe6 34. Rxe6+ Kd5 35. Rd6+ Kc4 36. g3 Kb3 37. Rxh6 Kxa4 38. h4 Kb3 39. Ra6 a4 40. h5 Ra8 41. Rxa8 Rxa8 42. Kg2 a3 43. Bxa3 Rxa3 44. Kf3 Kxc3 45. Ke4 Ra8 46. d5 Kc4 47. Ke5 Kc5 48. g4 Re8+ 49. Kf6 Rf8+ 50. Kg7 Rxf2 51. g5 Kxd5 52. h6 Ke6 53. g6 Rh2 54. Kh7 Rg2 55. g7 Kf7 1/2-1/2

[Event "St Ingbert Open"]
[Site "St Ingbert"]
[Date "1995.??.??"]
[Round "6"]
[White "Schmittdiel, Eckhard"]
[Black "Csom, Istvan"]
[Result "1/2-1/2"]
[WhiteElo "2485"]
[BlackElo "2455"]
[PlyCount "85"]
[EventDate "1995.08.??"]
[Source "www.chesslib.no"]
[SourceDate "2004.05.04"]

1. e4 c6 2. Nc3 d5 3. g3 dxe4 4. Nxe4 Bf5 5. Bg2 e6 6. Qe2 Be7 7. Nf3 Nf6 8. d3 O-O 9. O-O Nbd7 10. b3 Bg4 11. Bb2 Qc7 12. h3 Bxf3 13. Qxf3 Nxe4 14. Qxe4 Bf6 15. d4 Rfd8 16. Rad1 Rac8 17. c4 Qa5 18. Qc2 Nf8 19. Rd3 Rd7 20. Rfd1 Rcd8 21. Bc3 Qc7 22. Be4 g6 23. h4 Bg7 24. a4 f5 25. Bg2 e5 26. dxe5 Bxe5 27. Rxd7 Rxd7 28. Re1 Bxc3 29. Qxc3 Re7 30. Rxe7 Qxe7 31. c5 Nd7 32. b4 h5 33. a5 a6 34. Bf1 Qe5 35. Qd2 Nf8 36. Qd8 Kg7 37. Qb6 Qe7 38. Qa7 Kf6 39. Qb8 Ne6 40. Bc4 Nd8 41. Qf4 Qe1+ 42. Kh2 Ne6 43. Bxe6 1/2-1/2

[Event "Berliner Sommer"]
[Site "Berlin"]
[Date "1997.??.??"]
[Round "3"]
[White "Ardeleanu, Alin"]
[Black "Kharitonov, Andrei Y"]
[Result "1/2-1/2"]
[WhiteElo "2400"]
[BlackElo "2540"]
[PlyCount "45"]
[EventDate "1997.08.??"]
[Source "ChessBase"]
[SourceDate "1997.09.26"]

1. e4 c6 2. Nc3 d5 3. Qf3 e6 4. d4 Nf6 5. e5 Nfd7 6. Qg3 c5 7. Nf3 cxd4 8. Nb5 Nc6 9. Nbxd4 Nc5 10. Bd3 Qb6 11. Nxc6 bxc6 12. O-O Nxd3 13. cxd3 Ba6 14. Rd1 c5 15. b3 Rc8 16. h4 h6 17. h5 Rh7 18. Bf4 Be7 19. Rac1 Kd7 20. Rc2 Rch8 21. Bc1 Rg8 22. Qf4 f5 23. Qg3 1/2-1/2

[Event "JUG-ch 56th"]
[Site "Herceg Novi"]
[Date "2001.03.26"]
[Round "4"]
[White "Todorovic, Goran M"]
[Black "Ostojic, Nikola"]
[Result "0-1"]
[WhiteElo "2485"]
[BlackElo "2451"]
[PlyCount "78"]
[EventDate "2001.03.23"]
[Source "ChessBase"]
[SourceDate "2001.07.05"]

1. e4 c6 2. Nc3 d5 3. Nf3 dxe4 4. Nxe4 Bf5 5. Ng3 Bg4 6. Bc4 e6 7. h3 Bxf3 8. Qxf3 Nd7 9. d4 Nb6 10. Bb3 Qxd4 11. O-O Nf6 12. a4 Nbd7 13. a5 a6 14. Rd1 Qa7 15. Bg5 Be7 16. Nh5 Rg8 17. Nf4 O-O-O 18. Nd3 h6 19. Be3 Qb8 20. Bc4 Qc7 21. c3 g5 22. Bd4 Rdf8 23. Bb6 Nxb6 24. axb6 Qxb6 25. Ne5 Nd5 26. Bxd5 cxd5 27. c4 f6 28. Nd3 dxc4 29. Rdc1 Kb8 30. Rxc4 Rc8 31. Re4 Rgd8 32. Re3 e5 33. Ne1 Bc5 34. Rb3 Qc6 35. Qe2 Ka7 36. Nd3 Bb6 37. Rba3 Qc4 38. Rc3 Qb5 39. Qc2 Rxc3 0-1

[Event "Spring Open"]
[Site "Budapest HUN"]
[Date "1989.??.??"]
[Round "?"]
[White "Tompa, Janos"]
[Black "Hansen, Lars Bo"]
[Result "0-1"]
[WhiteElo "2395"]
[BlackElo "2540"]
[PlyCount "112"]
[EventDate "1989.03.??"]
[Source "www.chesslib.no"]
[SourceDate "2004.05.04"]

1. e4 c6 2. Nc3 d5 3. Nf3 dxe4 4. Nxe4 Nf6 5. Nxf6+ gxf6 6. g3 Bf5 7. Bg2 e6 8. b3 Nd7 9. Bb2 Rg8 10. O-O Qc7 11. Qe2 O-O-O 12. d4 Bg4 13. Qe3 f5 14. Ne5 Nxe5 15. dxe5 Qb6 16. Qxb6 axb6 17. Bc1 Bc5 18. Be3 Bxe3 19. fxe3 Rd2 20. Rf2 Rgd8 21. Raf1 Be2 22. Rc1 Rd1+ 23. Rxd1 Rxd1+ 24. Bf1 Bg4 25. Kg2 Re1 26. h3 Bh5 27. g4 fxg4 28. hxg4 Bxg4 29. Rf4 Bf5 30. Kf2 Rd1 31. Bd3 Bxd3 32. cxd3 Rxd3 33. Rxf7 Rd5 34. Rxh7 Rxe5 35. Rh8+ Kc7 36. Rh7+ Kb8 37. Rh8+ Ka7 38. Kf3 b5 39. e4 b4 40. Kf4 Ra5 41. Rh2 Kb6 42. e5 Ra8 43. Rh6 Rxa2 44. Rxe6 Rb2 45. Rd6 Rxb3 46. Rd1 Rb2 47. Kf3 Rh2 48. e6 Rh8 49. Kf4 Kb5 50. e7 Re8 51. Rd7 b6 52. Ke3 c5 53. Rc7 Kc4 54. Kd2 Kd5 55. Rb7 Kc6 56. Ra7 Kd6 0-1

[Event "NED-chT playoff"]
[Site "Enschede"]
[Date "2002.05.09"]
[Round "1.7"]
[White "Rogers, Ian"]
[Black "Kroeze, Frank M"]
[Result "1-0"]
[WhiteElo "2559"]
[BlackElo "2372"]
[PlyCount "133"]
[EventDate "2002.05.09"]
[Source "ChessBase"]
[SourceDate "2002.08.12"]

1. e4 c6 2. Nc3 d5 3. Qf3 e6 4. d4 Nd7 5. Bd3 dxe4 6. Nxe4 Ngf6 7. Ne2 Nxe4 8. Qxe4 Nf6 9. Qh4 c5 10. O-O Bd7 11. Bg5 cxd4 12. Nxd4 Be7 13. Rfe1 Nd5 14. Bxe7 Nxe7 15. Nb5 Bxb5 16. Bxb5+ Nc6 17. Qc4 O-O 18. Rad1 Qe7 19. c3 Rac8 20. Bxc6 Rxc6 21. Qd4 b6 22. Re2 Rfc8 23. g3 g6 24. Red2 R6c7 25. h4 h5 26. Qa4 Kg7 27. Rd7 Qf6 28. R1d4 e5 29. R4d6 Qf5 30. Qd1 Qe4 31. a3 Rxd7 32. Rxd7 a5 33. Qd5 Qxd5 34. Rxd5 Re8 35. Rd6 Rb8 36. Kf1 Kf8 37. Rd5 Re8 38. Ke2 Re6 39. Rd7 Kg7 40. Kd3 Rc6 41. b4 axb4 42. axb4 Rf6 43. Ke2 Rc6 44. Rb7 Rxc3 45. Rxb6 Rb3 46. b5 Ra3 47. Rb8 Kf6 48. b6 Rb3 49. Kd2 Rf3 50. Rc8 Rb3 51. Rc6+ Kf5 52. Kc2 Rb5 53. Kc3 g5 54. Kc4 Rb2 55. Kc5 gxh4 56. gxh4 Rxf2 57. b7 Rc2+ 58. Kd6 Rb2 59. Kc7 Rxb7+ 60. Kxb7 e4 61. Rc5+ Kg4 62. Kc6 e3 63. Kd5 e2 64. Rc1 f5 65. Kd4 f4 66. Kd3 f3 67. Ke3 1-0

[Event "Vlissingen HZ op"]
[Site "Vlissingen"]
[Date "1997.??.??"]
[Round "5"]
[White "Horvath, Sandor"]
[Black "Djuric, Stefan"]
[Result "1/2-1/2"]
[WhiteElo "2385"]
[BlackElo "2545"]
[PlyCount "104"]
[EventDate "1997.07.05"]
[Source "ChessBase"]
[SourceDate "1997.07.29"]

1. e4 c6 2. Nc3 d5 3. Qf3 e6 4. exd5 cxd5 5. d4 Nc6 6. Qd1 a6 7. Nf3 Bd6 8. Bd3 Nf6 9. O-O b5 10. a3 h6 11. Ne2 e5 12. dxe5 Nxe5 13. Nxe5 Bxe5 14. c3 O-O 15. Bf4 Qd6 16. Qd2 Re8 17. Rfe1 Bd7 18. Bxe5 Rxe5 19. h3 Rae8 20. Nd4 Kf8 21. Nf3 Rxe1+ 22. Rxe1 Rxe1+ 23. Qxe1 Qf4 24. Qd2 Qxd2 25. Nxd2 Ke7 26. f3 Nh5 27. Kf2 Nf4 28. Bf1 g5 29. Ke3 Kd6 30. h4 f5 31. hxg5 hxg5 32. Nb3 Ne6 33. g3 f4+ 34. gxf4 gxf4+ 35. Kd2 Ng5 36. Nd4 Nf7 37. Be2 Ne5 38. b3 Nc6 39. Nc2 Bf5 40. Bd3 Be6 41. Nd4 Nxd4 42. cxd4 Bd7 43. b4 Ke6 44. Bg6 Kf6 45. Bh5 Kg7 46. Ke2 Kf6 47. Kf2 Kg7 48. Kg2 Kf6 49. Kh2 Kg7 50. Bg4 Bxg4 51. fxg4 Kf6 52. Kg2 Kg6 1/2-1/2